Statistics for NBA Scoring Leaders 2013-14

Click here to take the quiz!

General Stats

  • This quiz has been taken 1,086 times
  • The average score is 17 of 33

Answer Stats

HintPPGPlayer% Correct
#327.1Lebron James
99%
#132.0Kevin Durant
97%
#724.0Stephen Curry
88%
#525.4James Harden
86%
#227.4Carmelo Anthony
82%
#2119.1Chris Paul
75%
#624.1Blake Griffin
70%
#1420.8Kyrie Irving
67%
#2518.4Klay Thompson
66%
#2618.3Dwight Howard
65%
#1420.8Anthony Davis
64%
#1620.7Damian Lillard
64%
#1221.7Paul George
63%
#426.1Kevin Love
61%
#1221.7Dirk Nowitzki
60%
#922.7DeMarcus Cousins
58%
#2019.3John Wall
57%
#823.2LaMarcus Aldrige
57%
#922.7Demar Derozan
51%
#2917.9Kyle Lowry
47%
#1720.3Isaiah Thomas
35%
#2917.9Paul Millsap
35%
#2319.0Monta Ellis
32%
#1121.8Al Jefferson
29%
#1920.0Rudy Gay
28%
#1720.3Goran Dragic
26%
#2718.2David Lee
23%
#2917.9Nick Young
16%
#2917.9Thaddeus Young
16%
#2418.6Jamal Crawford
15%
#2917.9Brandon Knight
12%
#2119.1Kevin Martin
12%
#2718.2Aaron Afflalo
6%

Score Distribution

Percentile by Number Answered

Percent of People with Each Score

Your Score History

You have not taken this quiz